000 00633cam a2200229 4500
001 B869
008 090401t1901 xxu||||| |||| 00| 0 eng d
035 _a(Sirsi) u38433
041 _aeng
050 _a333.335
100 _aBright, Tom
245 4 _aThe agricultural valuer`s assistant : a practical handbook on the valuation of landed estates
250 _a4th ed.
260 _aLondon
_bCrosby Lockwood and Son
_c1901
300 _axii,288p. ; 18cm.
350 _a0
650 _aAGRICULTURAL HOLDINGS ACT 1883
650 _aAGRICULTURAL HOLDINGS ACT 1900
650 _aFARM LAND
942 _n0
948 _c04/03/1997
999 _c90646
_d90646